[Event "Eurasia Open Cup 2018"]
[Site "Jekaterienburg"]
[Date "2018.08.01"]
[Round "1"]
[White "Zharkov, Nikolay"]
[Black "Kozionov, Kirill"]
[Result "0-1"]
[WhiteElo "2040"]
[BlackElo "2461"]
[Annotator "TA"]
[PlyCount "86"]
[EventDate "2018.08.01"]
[EventType "swiss"]
[EventCountry "RUS"]
[SourceTitle "playchess.com"]
[Source "ChessBase"]
[SourceQuality "1"]

{[%evp 17,86,9,17,-17,93,63,71,-7,0,-97,-30,-351,-345,-333,-333,-350,-332,-343,-351,-333,-337,-334,-222,-228,-216,-284,-261,-295,-304,-357,-361,-391,-396,-377,-377,-398,-358,-393,-416,-691,-695,-802,-673,-638,-615,-1052,-768,-757,-754,-733,-730,-715,-696,-4874,-5222,-4870,-2437,-1353,-975,-2265,-1925,-29981,-6223,-29981,-5181,-29982,-29983,-29983,-29984,-29979,-12230]} 1. e4 c5 2. Nf3 d6 3. d4 cxd4 4. Nxd4 Nf6 5. Nc3 a6 6. h3 g6 7. g4 Bg7 8. Be3 {B90: Sizilianisch (Najdorf-Variante, Abweichungen)} O-O 9. Qd2 b5 {LiveBook: 4 Partien} 10. g5 {Die Stellung ist ausgeglichen.} (10. Bg2 Bb7 11. a3 Nbd7 12. g5 Nh5 13. Bf3 Ne5 14. Bxh5 gxh5 15. O-O-O Rc8 {0-1 (41) Xiong,J (2656)-Shankland,S (2717) Montevideo 2018}) 10... Nfd7 (10... b4 $1 $11 11. Nd5 Nxe4 12. Qxb4 e6) 11. O-O-O Bb7 12. Kb1 $146 (12. h4 $16) ({Vorgänger:} 12. f3 Nb6 13. h4 N8d7 14. h5 Rc8 15. hxg6 hxg6 16. Bh3 b4 17. Qh2 e6 18. Nxe6 fxe6 19. Bxe6+ Rf7 20. Bd4 {1-0 (20) Tseshkovsky,V (2564)-Loskutov,O (2463) Irkutsk 2010}) 12... Nb6 $11 {[%cal Bd7b6,Bb6d5,Bd5e3][%mdl 32]} 13. Nb3 {[#]} (13. a3 $11 {hält das Gleichgewicht.}) 13... N8d7 ({Besser ist} 13... Bxc3 $1 $17 14. Qxc3 Bxe4) 14. Na5 $2 {[%mdl 8192]} (14. Bd4 $11) 14... Bxc3 $1 $19 15. Qxc3 Bxe4 16. Bd3 Bxh1 17. Rxh1 Nd5 18. Qd4 {Droht stark Sc6.} Nxe3 ({Finger weg von} 18... Qxa5 19. Qxd5 Ne5 20. Be2 $19) 19. Nc6 Qe8 20. Qxe3 e6 {[%cal Be7e6,Be6e5][%mdl 32]} 21. Nd4 e5 22. Ne2 d5 23. c3 Rd8 24. h4 {[#]} d4 $1 25. cxd4 exd4 26. Qh3 Nc5 27. h5 {Droht Matt per hxg6.} Qd7 28. hxg6 (28. Qxd7 $142 Rxd7 29. Kc2) 28... fxg6 29. Qg3 Nxd3 30. Qxd3 Qf5 31. Kc2 Qxd3+ 32. Kxd3 {[%mdl 4096] Endspiel KTT-KTS} Rf3+ 33. Ke4 Rxf2 34. Nxd4 Rxb2 35. Rc1 Rb4 36. Rd1 h5 37. gxh6 g5 {[%cal Bg6g5,Bg5g4][%mdl 32]} 38. Rg1 Rbxd4+ 39. Kf5 R4d5+ (39... Kf7 $142 40. Re1 R8d5+ 41. Re5 Rxe5+ 42. Kxe5 Ra4 43. Kd6 g4 44. Kd5 Kg6 45. a3 g3 46. Kc5 g2 47. Kc6 g1=Q 48. Kb7 Kxh6 49. Kc6 Qg6+ 50. Kc7 Rf4 51. Kc8 Rf7 52. Kd8 Qg8#) 40. Kg6 R8d6+ 41. Kh5 g4+ {Schwarz setzt Matt.} 42. Kh4 Rxh6+ 43. Kg3 Rg6 {Precision: Weiß = 21%, Schwarz = 70%.} (43... Rd4 $142 44. Kf2 Rh2+ 45. Ke3 Rb4 46. Rc1 Rxa2 47. Rc3 g3 48. Kf3 g2 49. Rc1 Rb3+ 50. Ke4 Ra4+ 51. Ke5 Rf3 52. Rc8+ Rf8 53. Rc1 Rf1 54. Rc8+ Kg7 55. Rc7+ Kg6 56. Rc8 Re1+ 57. Kd6 Rd4+ 58. Kc6 Rc4+ 59. Kb7 Re7+ 60. Kb8 Rxc8+ 61. Kxc8 g1=Q 62. Kd8 Qa7 63. Kc8 Re8#) 0-1